<?xml version="1.0" encoding="UTF-8"?>
<record
    xmlns:xsi="http://www.w3.org/2001/XMLSchema-instance"
    xsi:schemaLocation="http://www.loc.gov/MARC21/slim http://www.loc.gov/standards/marcxml/schema/MARC21slim.xsd"
    xmlns="http://www.loc.gov/MARC21/slim">

  <leader>02959agaaa2200349   4500</leader>
  <controlfield tag="001">1576</controlfield>
  <controlfield tag="003">IT-RoPAU</controlfield>
  <controlfield tag="005">20220918181223.0</controlfield>
  <controlfield tag="007">d cvaizq</controlfield>
  <controlfield tag="008">50131s9999||||xx ||| |     ||   ||und||</controlfield>
  <datafield tag="040" ind1=" " ind2=" ">
    <subfield code="a">IT-RoPAU</subfield>
    <subfield code="c">IT-RoPAU</subfield>
  </datafield>
  <datafield tag="041" ind1=" " ind2=" ">
    <subfield code="a">ITALIANO</subfield>
  </datafield>
  <datafield tag="100" ind1=" " ind2=" ">
    <subfield code="a">Mikhalkov Nikita</subfield>
    <subfield code="g">Codice regista SPICS: 3763</subfield>
    <subfield code="9">36930</subfield>
  </datafield>
  <datafield tag="130" ind1=" " ind2=" ">
    <subfield code="a">SCHIAVA D'AMORE</subfield>
    <subfield code="9">36931</subfield>
  </datafield>
  <datafield tag="240" ind1=" " ind2=" ">
    <subfield code="a">RABA' LIUBVI'</subfield>
    <subfield code="g">T1708</subfield>
  </datafield>
  <datafield tag="245" ind1=" " ind2=" ">
    <subfield code="a">SCHIAVA D'AMORE</subfield>
    <subfield code="c">Prodotto da: Zigaeva Tatiana -- Sceneggiatura: Gorenstein Friedric Mikhalkov Konchalovski Andrei -- Diretto da: Mikhalkov Nikita</subfield>
    <subfield code="p">SCHIAVA D'AMORE (Rif. Codice opera principale : 21576)</subfield>
  </datafield>
  <datafield tag="246" ind1=" " ind2=" ">
    <subfield code="a">RABA' LIUBVI'</subfield>
  </datafield>
  <datafield tag="250" ind1=" " ind2=" ">
    <subfield code="a">Edizione Standard</subfield>
  </datafield>
  <datafield tag="260" ind1=" " ind2=" ">
    <subfield code="a">URSS (U.R.S.S.)</subfield>
    <subfield code="b">MOSFILM / Distribuzione: RAI</subfield>
    <subfield code="g">"1975 (1&#xB0; ed.: 1983 ; Ed. Lingua Orig.: 1975)"</subfield>
  </datafield>
  <datafield tag="300" ind1=" " ind2=" ">
    <subfield code="a">VHS</subfield>
    <subfield code="b">sonoro, col.</subfield>
    <subfield code="c">92 minuti</subfield>
  </datafield>
  <datafield tag="508" ind1=" " ind2=" ">
    <subfield code="a">"Fotografia: Lebesev Pavel; Montaggio: Eljan L.; Musica: Artemjev Eduard; Sceneggiatura: Gorenstein Friedric Mikhalkov Konchalovski Andrei; Scenografia: Adabasjan A. Samulek; Soggetto: Gorenstein Friedric -- Konchalovsky-Mikhalkov Andrej"</subfield>
  </datafield>
  <datafield tag="511" ind1=" " ind2=" ">
    <subfield code="a">"Solovei Elena; Nakhapetov Rodion; Kalyagin Aleksander; Basalasvili Oleg; Grigorjev "</subfield>
  </datafield>
  <datafield tag="520" ind1=" " ind2=" ">
    <subfield code="a">LA RIVOLUZIONE BOLSCEVICA E' IN ATTO E L'ARMATA ROSSA HA CONQUISTATO MOSCAIN CRIMEA L'ARMATA BIANCA TENTA DI MANTENERE IL CONTROLLO DI VASTE ZONE DEL TERRITORIO QUI FRA GIARDINI ASSOLATI E STRADE POLVEROSE UNA TROUPE DI CINEASTI STA TENTANDO DI CONDURRE A TERMINE LE RIPRESE DI UN FILM SENTIMENTALEINTITOLATO SCHIAVA D'AMORE DI CUI E' INTERPRETE OLGA DIVA DEL MOMENTO AMATA DALLE FOLLE NON SOLO LA 28ENNE ATTRICE CHE HA PORTATO CON SE' LE DUE FIGLIOLETTE MA ANCHE IL REGISTA E GLI ALTRI COMPONENTI DELLA SPEDIZIONE SEMBRANO DEL TUTTO ESTRANEI A QUANTO STA ACCADENDO NEL MONDO E PARTICOLARMENTE IN RUSSIA IL LORO PROBLEMA E' SOLO QUELLO DI ARRAFFARE IN QUALCHE MODO LA PELLICOLA VERGINE E CHE OVVIAMENTE E' DIVENUTA MOLTO RARA L'AGITAZIONE DEI POLIZIOTTI DEI BIANCHI APPARE ASSURDA AI CINEASTI OLGA CHE E' INNAMORATA DELL'OPERATORE VICTOR VIENE DALLO STESSO INVITATA AD ASSISTERE A FILMATI IN CUI SONO STATE DOCUMENTATE DELLE ATROCITA' COMPIUTE DALL'ARMATA BIANCA SCOPRE COSI' CHE VICTOR E' BOLSCEVICO E PRENDE DA LUI IN CONSEGNA DEL MATERIALE COMPROMETTENTE MA E' ANCHE COSTRETTA AD ASSISTERE ALL'UCCISIONE DELL'AMICO CHE E' STATO ORMAI INDIVIDUATO DAI SERVIZI SEGRETI OLGA RIMANE FEDELE ALLA MEMORIA DI VICTOR E SI ALLONTANA CON IL PREZIOSO MATERIALE</subfield>
  </datafield>
  <datafield tag="538" ind1=" " ind2=" ">
    <subfield code="a">PAL, STEREO</subfield>
  </datafield>
  <datafield tag="546" ind1=" " ind2=" ">
    <subfield code="a">ITALIANO</subfield>
  </datafield>
  <datafield tag="650" ind1=" " ind2=" ">
    <subfield code="a">DRAMMATICO</subfield>
    <subfield code="e">FILMS [VHS]</subfield>
    <subfield code="x">Codice MATERIA SPICS: 9960</subfield>
    <subfield code="9">34083</subfield>
  </datafield>
  <datafield tag="700" ind1=" " ind2=" ">
    <subfield code="a">Artemjev Eduard</subfield>
    <subfield code="e">(musica)</subfield>
    <subfield code="g">Codice Musica SPICS: 22987</subfield>
    <subfield code="9">36932</subfield>
  </datafield>
  <datafield tag="700" ind1=" " ind2=" ">
    <subfield code="a">Gorenstein Friedric </subfield>
    <subfield code="e">(soggetto)</subfield>
    <subfield code="g">Codice Soggetto SPICS: 29734</subfield>
    <subfield code="9">36933</subfield>
  </datafield>
  <datafield tag="700" ind1=" " ind2=" ">
    <subfield code="a">Konchalovsky-Mikhalkov Andrej </subfield>
    <subfield code="e">(soggetto)</subfield>
    <subfield code="g">Codice Soggetto 2&#xB0; SPICS: 26000</subfield>
    <subfield code="9">36934</subfield>
  </datafield>
  <datafield tag="700" ind1=" " ind2=" ">
    <subfield code="a">Mikhalkov Nikita </subfield>
    <subfield code="e">(regista)</subfield>
    <subfield code="g">Codice regista SPICS: 3763</subfield>
    <subfield code="9">36935</subfield>
  </datafield>
  <datafield tag="942" ind1=" " ind2=" ">
    <subfield code="c">VH</subfield>
    <subfield code="2">ddc</subfield>
  </datafield>
  <datafield tag="999" ind1=" " ind2=" ">
    <subfield code="c">104654</subfield>
    <subfield code="d">104654</subfield>
  </datafield>
  <datafield tag="952" ind1=" " ind2=" ">
    <subfield code="0">0</subfield>
    <subfield code="1">0</subfield>
    <subfield code="4">0</subfield>
    <subfield code="6">21576_000000000000000</subfield>
    <subfield code="7">1</subfield>
    <subfield code="a">SPICS</subfield>
    <subfield code="b">SPICS</subfield>
    <subfield code="d">2015-01-31</subfield>
    <subfield code="l">0</subfield>
    <subfield code="o">21576</subfield>
    <subfield code="r">2015-01-31 00:00:00</subfield>
    <subfield code="w">2015-01-31</subfield>
    <subfield code="y">VH</subfield>
    <subfield code="z">Progr. Ins.: 1372 / N.Vol.:1 / Copie: 1 / Pag.: / Copia rara: n.d. / date import: 1.2.2015 / By Epidotti, Trombetti, Vaglietti</subfield>
  </datafield>
</record>
